000
00313nam a2200109Ia 4500
008
181011s9999 xx 000 0 und d
100
_a
Ravi Tiwari
245
0
_a
Mahatma Gandhi's understanding of jesus
500
_a
Journal of Henry Martyn Institute July - Dec 2001
650
_a
Study of Religions
942
_c
BR
999
_c
22287
_d
22287